La leyenda del tío Boonmee = Loong Boonmee raleuk chat /
Guardado en:
| Hovedforfatter: | |
|---|---|
| Andre forfattere: | , , , , , |
| Format: | |
| Udgivet: |
Chiang Mai, Tailandia :
Kick the Machine Films,
2010, c2010
|
| Fag: | |
| Tags: |
Ingen Tags, Vær først til at tagge denne postø!
|
MARC
| LEADER | 00000ngm^a2200000^a^4500 | ||
|---|---|---|---|
| 001 | 000326109 | ||
| 005 | 20250521000000.0 | ||
| 009 | 20260310113756.625 | ||
| 037 | |a Acervo ITESO - Biblioteca | ||
| 041 | |a OTR | ||
| 082 | |a 895. 91 |b WEE | ||
| 100 | |a Weerasethakul, Apichatpong |e (realización) | ||
| 240 | 1 | 4 | |a [La leyenda del tío Boonmee] |
| 245 | 1 | 3 | |a La leyenda del tío Boonmee = |b Loong Boonmee raleuk chat / |c Realización de A. Weerasethakul. |
| 246 | 2 | |a Título en la pantalla: La leyenda del tío Boonme | |
| 264 | 4 | |a Chiang Mai, Tailandia : |b Kick the Machine Films, |c 2010, c2010 | |
| 264 | 2 | |a México : |b Distrimax [distribución], |c 2012, c2012 | |
| 300 | |a 1 DVD regiones 1 y 4 (113 min.) : |b color | ||
| 336 | |a imagen móvil bidimensional |b tdi |2 rdacontenido | ||
| 337 | |a video |b v |2 rdamedio | ||
| 338 | |a videodisco |b vd |2 rdasoporte | ||
| 500 | |a Basado en: Tío Boonmee recuerda sus vidas pasadas, de Phra Sripariyattiweti | ||
| 546 | |a En thai, con subtítulos opcionales: español | ||
| 586 | |a Festival Internacional de Cine de Cannes (63°: 2010): Premio a la Mejor Película (Palma de Oro) | ||
| 586 | |a Premio del Cine Asiático (5°: 2011): Mejor Película (ganadora) | ||
| 586 | |a Premio Spirit, del Cine Independiente Norteamericano (26°: 2011): Mejor Película Extranjera (finalista) | ||
| 649 | |a XX | ||
| 650 | |a Enfermos Terminales en el Cine | ||
| 650 | |a Realismo Mágico en el Cine | ||
| 650 | |a Cine Fantástico | ||
| 650 | |a Dramas Cinematográficos | ||
| 650 | |a Cine Tailandés - |y 2010-2019 | ||
| 650 | |a Cine Tailandés - |y Siglo XXI | ||
| 650 | |a Literatura Tailandesa - |y Siglo XX - |x Adaptaciones para Cine | ||
| 650 | |a Literatura y Cine | ||
| 650 | |a Animales (En Religión, Folklore, etc.) - |z Tailandia | ||
| 650 | |a Prácticas Culturales - |z Tailandia | ||
| 650 | |a Selvas - |z Tailandia | ||
| 650 | |a Naturaleza - |z Tailandia | ||
| 650 | |a Zonas Rurales - |z Tailandia - |x Condiciones Sociales y Culturales | ||
| 650 | |a Memoria y Olvido | ||
| 650 | |a Sentidos y Sensaciones | ||
| 650 | |a Reencarnación y Transmigración | ||
| 650 | |a Muerte (En Religión, Folklore, etc.) - |z Tailandia | ||
| 650 | |a Muerte | ||
| 650 | |a Animismo | ||
| 700 | |a Weerasethakul, Apichatpong |e (guión) | ||
| 700 | |a Mukdeeprom, Sayombhu |e (fotógrafo) | ||
| 700 | |a Chatametikool, Lee |e (montaje) | ||
| 700 | |a Saisaymar, Thanapat |e (actuación) | ||
| 700 | |a Pongpas, Jenjira |e (actuación) | ||
| 700 | |a Kaewbuadee, Sakda |e (actuación) | ||
| 910 | |a Fondo General | ||
| 920 | |a Audiovisuales - DVDs | ||
| 940 | |a Películas | ||
| 905 | |a 302 | ||
| 901 | |a 0500214650 |b IT2 |c DVS |i C134083 |u 20250521 | ||
| 902 | |a https://opac.biblio.iteso.mx/vufind/Record/000326109 | ||